[Event "The Mikhail Tal Memorial KO Tournament"]
[Site "SchemingMind.com"]
[Date "2006.11.08"]
[Round "-"]
[White "spoke"]
[Black "fouche"]
[Result "0-1"]
[WhiteCountry "GER"]
[BlackCountry "COL"]
[WhiteElo "1677"]
[WhiteRD "57"]
[BlackElo "1586"]
[BlackRD "57"]
[GameID "75718"]

1. e4 c5 2. Nf3 Nc6 3. d4 cxd4 4. Nxd4 Nf6 5. Nc3 e5 6. Ndb5 d6 7. Bg5 a6 8. Na3 b5 9. Bxf6 gxf6 10. Nd5 Bg7
11. Bd3 O-O 12. c3 Ne7 13. Nxe7+ Qxe7 14. Nc2 Be6 15. Ne3 Rad8 16. Nf5 Bxf5 17. exf5 d5 18. O-O e4 19. Bc2 Qe5 20. Qg4 Kh8
21. Rae1 Rg8 22. f4 Qc7 23. Re3 Bf8 24. Qh4 Bc5 25. Qxf6+ Rg7 26. Re1 Rg8 27. g3 Qxf4
0-1

[Event "The Mikhail Tal Memorial KO Tournament"]
[Site "SchemingMind.com"]
[Date "2006.11.13"]
[Round "-"]
[White "Nenad"]
[Black "Oskyrain"]
[Result "1/2-1/2"]
[WhiteCountry "SLO"]
[BlackCountry "ARG"]
[WhiteElo "2241"]
[WhiteRD "76"]
[BlackElo "2125"]
[BlackRD "86"]
[GameID "75720"]

1. e4 e5 2. Nc3 Nf6 3. Bc4 Bc5 4. d3 c6 5. f4 d6 6. Nf3 O-O 7. fxe5 dxe5 8. Qe2 Nbd7 9. Be3 Bxe3 10. Qxe3 b5
11. Bb3 a5 12. a4 b4 13. Ne2 Ng4 14. Qg1 Qe7 15. h3 Ngf6 16. Qe3 Nc5 17. Bc4 Nfd7 18. Ng3 Nb6 19. Bb3 Nxb3 20. cxb3 c5
21. Rc1 Be6 22. Rxc5 Nd7 23. Rc6 g6 24. d4 exd4 25. Nxd4 Bd5 26. Rc7 f5 27. O-O fxe4 28. Ngf5 gxf5 29. Nxf5 Qe5 30. Qg5+ Kh8
31. Rxd7 Bg8 32. Re7 Qxb2 33. Rxe4 Qf6 34. Qe3 Rac8 35. Re7 Rc3 36. Qa7 Rd3 37. Ng3 Qh6 38. Qxa5 Rxf1+ 39. Nxf1 Qf4 40. Qb6 Rd1
41. Qf2 Qxf2+ 42. Kxf2 Bxb3 43. Rb7 Ra1 44. Rxb4 Bxa4 45. g4 Kg7 46. Ne3 Be8 47. Rb6 Bg6 48. h4 Ra5 49. Kf3 Kf7 50. Rb4 Ra6
51. h5 Bd3 52. Nd5 h6 53. Rb7+ Kf8 54. Rb6 Rxb6 55. Nxb6 Kg7 56. Nd5 Bc4 57. Ne3 Bd3 58. Nf5+ Kh7 59. Kf4 Bc2 60. Ne3=
1/2-1/2

[Event "The Mikhail Tal Memorial KO Tournament"]
[Site "SchemingMind.com"]
[Date "2006.11.08"]
[Round "-"]
[White "fouche"]
[Black "spoke"]
[Result "0-1"]
[WhiteCountry "COL"]
[BlackCountry "GER"]
[WhiteElo "1586"]
[WhiteRD "57"]
[BlackElo "1677"]
[BlackRD "57"]
[GameID "75724"]

1. d4 d5 2. c4 e6 3. Nf3 c5 4. e3 Nf6 5. Nc3 Nc6 6. cxd5 exd5 7. Bd3 a6 8. O-O c4 9. Bb1 Bg4 10. Re1 Bb4
11. a3 Ba5 12. b4 Bc7 13. h3 Bxf3 14. Qxf3 b5 15. e4 O-O 16. e5 Nxd4 17. Qf4 Nb3 18. Ra2 Nxc1 19. Rxc1 Re8 20. Re1 d4
21. Ne4 Bxe5 22. Qh4 d3 23. Rd2 Nxe4 24. Rxe4 Qxh4 25. Rxh4 Bf6 26. Bxd3 Bxh4
0-1

[Event "The Mikhail Tal Memorial KO Tournament"]
[Site "SchemingMind.com"]
[Date "2006.11.13"]
[Round "-"]
[White "Oskyrain"]
[Black "Nenad"]
[Result "1-0"]
[WhiteCountry "ARG"]
[BlackCountry "SLO"]
[WhiteElo "2119"]
[WhiteRD "85"]
[BlackElo "2227"]
[BlackRD "72"]
[GameID "75726"]

1. d4 f5 2. c4 Nf6 3. Nc3 e6 4. Nf3 Bb4 5. Bg5 O-O 6. e3 Bxc3+ 7. bxc3 d6 8. Bd3 Qe8 9. Bxf6 Rxf6 10. Rb1 b6
11. O-O Bb7 12. Re1 Nd7 13. Nd2 Rg6 14. f3 Nf6 15. e4 fxe4 16. Nxe4 Nxe4 17. Bxe4 Bxe4 18. Rxe4 Qf7 19. Qe2 Rf8 20. Kh1 Rh6
21. Re1 Qh5 22. h3 Rff6 23. Kh2 a6 24. f4 Qxe2 25. R1xe2 b5 26. cxb5 axb5 27. g3 Rf8 28. Rxe6 Rhf6 29. Re7
1-0

[Event "The Mikhail Tal Memorial KO Tournament"]
[Site "SchemingMind.com"]
[Date "2006.11.09"]
[Round "-"]
[White "Mekk"]
[Black "loco61"]
[Result "1-0"]
[WhiteCountry "POL"]
[BlackCountry "ENG"]
[WhiteElo "1714"]
[WhiteRD "64"]
[BlackElo "1574"]
[BlackRD "66"]
[GameID "75845"]

1. e4 e5 2. Nf3 Nc6 3. d4 exd4 4. Nxd4 Nxd4 5. Qxd4 c5 6. Qe3 Nf6 7. Nc3 b6 8. Be2 Be7 9. Bf3 Rb8 10. e5 Ng8
11. Nb5 Kf8 12. O-O a6 13. Nd6 Bxd6 14. exd6 Qf6 15. Re1 Qe6 16. Bd2 Qxe3 17. Rxe3 f5 18. Rae1 Bb7 19. Bxb7 Rxb7 20. Re8+ Kf7
21. Rd8 h6 22. Ree8 b5 23. Rf8+ Ke6 24. Rxg8 Rh7 25. h4 b4 26. Bf4 h5 27. Rge8+ Kd5 28. Re7 Kc6 29. Rg8 Kd5 30. Rgxg7 Rxg7
31. Rxg7 c4 32. Re7 c3 33. b3 Ra7 34. Rh7 a5 35. Rxh5 a4 36. Rxf5+ Ke4 37. Rf7 axb3 38. axb3 Ra1+ 39. Kh2 Ra5 40. g3 Ra2
41. Rxd7 Rxc2 42. Re7+ Kf5 43. d7 Rxf2+ 44. Kg1 Rd2 45. Bxd2
1-0

[Event "The Mikhail Tal Memorial KO Tournament"]
[Site "SchemingMind.com"]
[Date "2006.11.09"]
[Round "-"]
[White "1tamad"]
[Black "Easy_E"]
[Result "1-0"]
[WhiteCountry "USA"]
[BlackCountry "USA"]
[WhiteElo "1758"]
[WhiteRD "189"]
[BlackElo "1452"]
[BlackRD "71"]
[GameID "75846"]

1. d4 d5 2. e3 Nf6 3. Bd3 Bg4 4. f3 Bh5 5. Ne2 Nc6 6. O-O e5 7. c3 e4 8. fxe4 dxe4 9. Bc2 Ng4 10. Nf4 Nxh2
11. Qxh5 Nxf1 12. Kxf1 g6 13. Qb5 Rb8 14. Bxe4 Qh4 15. Nd2 Bh6 16. Nf3 Qf6 17. Bxc6+ Qxc6 18. Qxc6+ bxc6 19. Ne5 g5 20. Nfd3 g4
21. Nxg4 Bg5 22. e4 Bxc1 23. Rxc1 h5 24. Ne3 O-O 25. b4 Kh8 26. Nc5 Rfe8 27. Kf2 h4 28. Rh1 Kg7 29. Rxh4 f6 30. Kf3 Rbd8
31. Nf5+
1-0

[Event "The Mikhail Tal Memorial KO Tournament"]
[Site "SchemingMind.com"]
[Date "2006.11.09"]
[Round "-"]
[White "aston294"]
[Black "C. H. O'D. Schlechter"]
[Result "0-1"]
[WhiteCountry "ENG"]
[BlackCountry "USA"]
[WhiteElo "941"]
[WhiteRD "68"]
[BlackElo "2309"]
[BlackRD "71"]
[GameID "75847"]

1. e4 e5 2. Nf3 Nc6 3. Nc3 Nf6 4. b3 d5 5. exd5 Nxd5 6. a4 Bg4 7. h3 Bh5 8. Bc4 Nf4 9. g3 Ne6 10. Rb1 Ned4
11. Bxf7+ Bxf7 12. O-O Qf6 13. Nb5 Nxf3+ 14. Kg2 O-O-O 15. Qxf3 Bd5 16. Bb2 Qxf3+ 17. Kg1 Qg2#
0-1

[Event "The Mikhail Tal Memorial KO Tournament"]
[Site "SchemingMind.com"]
[Date "2006.11.09"]
[Round "-"]
[White "loco61"]
[Black "Mekk"]
[Result "0-1"]
[WhiteCountry "ENG"]
[BlackCountry "POL"]
[WhiteElo "1574"]
[WhiteRD "66"]
[BlackElo "1714"]
[BlackRD "64"]
[GameID "75850"]

1. e4 c5 2. Nf3 Nc6 3. Bc4 d6 4. c3 Nf6 5. d3 Bg4 6. Nbd2 e6 7. h3 Bh5 8. g4 Bg6 9. Bb5 Qc7 10. Qe2 Be7
11. g5 Nd7 12. h4 Bh5 13. Qe3 a6 14. Bxc6 Qxc6 15. d4 d5 16. exd5 Qxd5 17. c4 Qf5 18. d5 exd5 19. cxd5 Qxd5 20. Ne4 O-O-O
21. Bd2 Rhe8 22. O-O Bxf3 23. Qxf3 Ne5 24. Qf5+ Kb8 25. Rad1 g6 26. Qf4 Ka8 27. Ba5 Nd3 28. Qe3 Bf8 29. Bxd8 Rxd8 30. Rd2 c4
31. f3 Re8 32. Rfd1 Bg7 33. b3 Bd4
0-1

[Event "The Mikhail Tal Memorial KO Tournament"]
[Site "SchemingMind.com"]
[Date "2006.11.09"]
[Round "-"]
[White "Easy_E"]
[Black "1tamad"]
[Result "0-1"]
[WhiteCountry "USA"]
[BlackCountry "USA"]
[WhiteElo "1452"]
[WhiteRD "71"]
[BlackElo "1758"]
[BlackRD "189"]
[GameID "75851"]

1. e4 e6 2. d4 d5 3. Nc3 dxe4 4. Nxe4 Nf6 5. Bg5 Be7 6. Bd3 O-O 7. Nf3 Nxe4 8. Bxe4 Bxg5 9. Nxg5 Qxg5 10. O-O c6
11. Qd3 g6 12. c4 Nd7 13. f4 Qe7 14. Rae1 Nf6 15. f5 exf5 16. Bxf5 Bxf5 17. Qxf5 Qxe1 18. Qxf6 Qe6 19. d5 Qxf6 20. Rxf6 cxd5
21. cxd5 Rfd8 22. d6 Kg7 23. Rf1 Rxd6 24. g4 Rd2 25. Rb1 Rad8 26. a3 Rc2 27. b4 Rdd2 28. b5 Rb2 29. Rf1 Rg2+ 30. Kh1 Rxh2+
0-1

[Event "The Mikhail Tal Memorial KO Tournament"]
[Site "SchemingMind.com"]
[Date "2006.11.09"]
[Round "-"]
[White "C. H. O'D. Schlechter"]
[Black "aston294"]
[Result "1-0"]
[WhiteCountry "USA"]
[BlackCountry "ENG"]
[WhiteElo "2309"]
[WhiteRD "71"]
[BlackElo "941"]
[BlackRD "68"]
[GameID "75852"]

1. e4 Nf6 2. e5 Nd5 3. d4 Nc6 4. c4 Nb6 5. d5 Nd4 6. Qxd4 c6 7. dxc6 dxc6 8. Qxd8+ Kxd8 9. Nc3 f6 10. exf6 exf6
11. Nf3 Bb4 12. Be3 c5 13. O-O-O+ Bd7 14. a3 Nd5 15. cxd5 Re8 16. axb4 a5 17. bxc5 Rc8 18. Bb5 g5 19. c6 bxc6 20. dxc6 Rxc6
21. Bxc6 Kc8 22. Bxd7+
1-0

[Event "The Mikhail Tal Memorial KO Tournament"]
[Site "SchemingMind.com"]
[Date "2006.11.10"]
[Round "-"]
[White "sidra"]
[Black "neoliminal"]
[Result "1-0"]
[WhiteCountry "HUN"]
[BlackCountry "CRC"]
[WhiteElo "1602"]
[WhiteRD "84"]
[BlackElo "1264"]
[BlackRD "87"]
[GameID "75972"]

1. d4 h6 2. c4 g5 3. e3 e6 4. a3 Ne7 5. Nc3 c6 6. Bd3 f5 7. b4 d6 8. Nge2 g4 9. g3 b6 10. a4 Bb7
11. O-O Nd7 12. Nf4 h5 13. Nxe6 Qc8 14. Nxf8 Rxf8 15. b5 cxb5 16. Nxb5 h4 17. Nxd6+ Kd8 18. Nxc8 Nxc8 19. gxh4 Rh8 20. Bxf5 Rxh4
21. Bxg4 Nf6 22. f3 Nd6 23. Qe1 Rh8 24. Qb4 Ke7 25. Ba3 Rad8 26. c5 Rdg8 27. cxd6+ Kf7 28. Qc4+ Bd5 29. Qc7+ Kg6 30. h3 Nxg4
31. hxg4 Rh3 32. d7 Bxf3 33. Qd6+ Kg5 34. Qf4+ Kh4 35. Rxf3 Rxg4+ 36. Qxg4+ Kxg4 37. Rxh3
1-0

[Event "The Mikhail Tal Memorial KO Tournament"]
[Site "SchemingMind.com"]
[Date "2006.11.10"]
[Round "-"]
[White "ekulrac"]
[Black "chesshub"]
[Result "0-1"]
[WhiteCountry "SCO"]
[BlackCountry "FRA"]
[WhiteElo "1693"]
[WhiteRD "73"]
[BlackElo "2323"]
[BlackRD "81"]
[GameID "75974"]

1. e4 e5 2. Nf3 Nc6 3. Bb5 a6 4. Bxc6 dxc6 5. O-O Qd6 6. d3 Ne7 7. Be3 Ng6 8. Nbd2 Be7 9. Nc4 Qe6 10. Qe2 f6
11. Bd2 Qg4 12. h3 Nf4 13. Bxf4 Qxf4 14. d4 exd4 15. Nxd4 g6 16. e5 Qxd4 17. Rad1 Qf4 18. g3 Qf5 19. exf6 Qxf6 20. Rfe1 O-O
0-1

[Event "The Mikhail Tal Memorial KO Tournament"]
[Site "SchemingMind.com"]
[Date "2006.11.10"]
[Round "-"]
[White "neoliminal"]
[Black "sidra"]
[Result "0-1"]
[WhiteCountry "CRC"]
[BlackCountry "HUN"]
[WhiteElo "1302"]
[WhiteRD "100"]
[BlackElo "1587"]
[BlackRD "80"]
[GameID "75979"]

1. c4 e5 2. e3 Nf6 3. Nc3 c6 4. Qe2 d6 5. b4 a6 6. Ba3 Be7 7. h4 h5 8. f3 g6 9. Nh3 Nh7 10. Ne4 Bxh4+
11. g3 Be7 12. f4 Bg4 13. Qf2 f5 14. Nc3 e4 15. Bb2 O-O 16. d4 exd3 17. Bxd3 d5 18. c5 Bf6 19. Nd1 Bxb2 20. Qxb2 Nd7
21. Be2 Ndf6 22. Bxg4 fxg4 23. Ng5 Nxg5 24. fxg5 Ne4 25. Rf1 Rxf1+ 26. Kxf1 Nxg3+ 27. Kg2 Ne4 28. Nc3 Nxg5 29. Rf1 Nf3 30. Ne2 Qc7
31. Nf4 g5 32. Qf6 gxf4 33. Qg6+ Qg7 34. Qxh5 fxe3 35. Rh1 e2
0-1

[Event "The Mikhail Tal Memorial KO Tournament"]
[Site "SchemingMind.com"]
[Date "2006.11.10"]
[Round "-"]
[White "chesshub"]
[Black "ekulrac"]
[Result "1-0"]
[WhiteCountry "FRA"]
[BlackCountry "SCO"]
[WhiteElo "2323"]
[WhiteRD "81"]
[BlackElo "1693"]
[BlackRD "73"]
[GameID "75981"]

1. e4 Nc6 2. Nf3 e5 3. Bb5 a6 4. Ba4 Nf6 5. O-O b5 6. Bb3 Be7 7. Re1 d6 8. c3 Na5 9. Bc2 c5 10. d4 Qc7
11. Nbd2 O-O 12. h3 cxd4 13. cxd4 Bd7 14. Nf1 h6 15. Ne3 Rfc8 16. b3 Nh7 17. Nd5 Qd8 18. dxe5 dxe5 19. Be3 Bd6 20. Bb6
1-0

[Event "The Mikhail Tal Memorial KO Tournament"]
[Site "SchemingMind.com"]
[Date "2006.11.13"]
[Round "-"]
[White "cleverman"]
[Black "Dan Geana"]
[Result "0-1"]
[WhiteCountry "USA"]
[BlackCountry "ROU"]
[WhiteElo "1665"]
[WhiteRD "86"]
[BlackElo "2141"]
[BlackRD "109"]
[GameID "76149"]

1. e4 e5 2. Nf3 Nc6 3. Bb5 a6 4. Ba4 Nf6 5. O-O Be7 6. Nc3 b5 7. Bb3 d6 8. d3 Na5 9. h3 O-O 10. Be3 Nxb3
11. axb3 Bb7 12. b4 d5 13. exd5 Bxb4 14. d4 Bxc3 15. bxc3 exd4 16. cxd4 Qxd5 17. Qd3 Qh5 18. Ne5 c5 19. c3 Rfe8 20. Rfe1 Rad8
21. Qe2 Qxe2 22. Rxe2 Nd5 23. Bd2 f6 24. Rae1 fxe5 25. dxe5 b4 26. cxb4 cxb4 27. e6 a5 28. Bg5 Ra8 29. e7 a4 30. Re6 a3
31. Bc1 Kf7 32. R6e2 Rxe7 33. Rxe7+ Nxe7 34. Kh2 b3 35. Kg3 b2
0-1

[Event "The Mikhail Tal Memorial KO Tournament"]
[Site "SchemingMind.com"]
[Date "2006.11.11"]
[Round "-"]
[White "Ilang"]
[Black "Danzino"]
[Result "1/2-1/2"]
[WhiteCountry "HUN"]
[BlackCountry "GBR"]
[WhiteElo "2236"]
[WhiteRD "70"]
[BlackElo "1919"]
[BlackRD "93"]
[GameID "76151"]

1. e4 c5 2. c3 Nf6 3. e5 Nd5 4. Nf3 e6 5. Bc4 Nb6 6. Bb3 d6 7. d4 cxd4 8. cxd4 dxe5 9. Nxe5 Nc6 10. Nxc6 bxc6
11. O-O Be7 12. Nc3 O-O 13. Re1 Nd5 14. Nxd5 cxd5 15. Bf4 Bf6 16. Rc1 Qb6 17. Be5 Bxe5 18. Rxe5 Ba6 19. Qd2 Rac8 20. Ree1 h6
21. f4 Bc4 22. Bc2 Rc7 23. b3 Ba6 24. Bb1 Rfc8 25. Rxc7 Qxc7 26. f5 Qc3 27. Qxc3 Rxc3 28. fxe6 fxe6 29. Rxe6 Bd3 30. Bxd3 Rxd3
31. Ra6 Rxd4 32. Rxa7 Rd2 33. b4 Rb2 34. a3 d4 35. Rd7 Rb3 36. Rxd4 Rxa3 37. Rd7 Rb3 38. Rb7 Rb2 39. b5 Kh7 40. b6 h5
41. Rb8 Kg6 42. b7 Kh7 43. h4 Kg6 44. Kh2 Kh7 45. Kg3 Rb3+ 46. Kf4 Rb4+ 47. Kf5 Rb5+ 48. Ke6 Rb6+ 49. Kd7 Rb2 50. Kc6 Rc2+
51. Kd5 Rb2 52. g3 Rb1 53. Ke5 Rb5+ 54. Kd4 Rb1 55. Kc3 Rb6 56. Kc4=
1/2-1/2

[Event "The Mikhail Tal Memorial KO Tournament"]
[Site "SchemingMind.com"]
[Date "2006.11.11"]
[Round "-"]
[White "fishofchaos"]
[Black "rampichino"]
[Result "1/2-1/2"]
[WhiteCountry "ENG"]
[BlackCountry "ITA"]
[WhiteElo "1575"]
[WhiteRD "58"]
[BlackElo "1426"]
[BlackRD "97"]
[GameID "76152"]

1. d4 d5 2. c4 dxc4 3. Nf3 Nf6 4. Nc3 c6 5. a4 Bf5 6. e3 e6 7. Bxc4 Nbd7 8. O-O Bb4 9. Bd3 O-O 10. e4 Bg6
11. e5 Nd5 12. Bxg6 fxg6 13. Nxd5 cxd5 14. Bd2 Qe7 15. Rc1 Nb6 16. b3 a5 17. Bxb4 Qxb4 18. Rc7 Rac8 19. Rxb7 Rc3 20. Nd2 Qxd4
21. Nf3 Qxd1 22. Rxd1 Rxb3 23. Nd4 Rb2 24. Nxe6 Re8 25. Nc5 Nxa4 26. Rxb2 Nxb2 27. Rxd5 a4 28. e6 a3 29. Rd7 h5 30. Ra7 Rc8
31. Nb3 Re8 32. Rxa3 Rxe6=
1/2-1/2

[Event "The Mikhail Tal Memorial KO Tournament"]
[Site "SchemingMind.com"]
[Date "2006.11.11"]
[Round "-"]
[White "erikbrynolfson"]
[Black "mart_r3000"]
[Result "1-0"]
[WhiteCountry "USA"]
[BlackCountry "ENG"]
[WhiteElo "1634"]
[WhiteRD "64"]
[BlackElo "1254"]
[BlackRD "55"]
[GameID "76153"]

1. c4 e5 2. Nc3 Qh4 3. g3 Qxc4 4. Bg2 Bc5 5. d3 Qd4 6. Be3 Qb4 7. Qc2 Nf6 8. a3 Qb6 9. Na4 Qa5+ 10. Bd2 Qb5
11. Nxc5 c6 12. Nf3 O-O 13. O-O Ng4 14. h3 Nf6 15. a4 Qb6 16. b4 Qd8 17. Bc3 d6 18. Ne4 Nbd7 19. Nxd6 Nb6 20. Bxe5 Nbd5
21. b5 Nb4 22. Qb2 c5 23. Ne4 Nfd5 24. Bxg7 Re8 25. Bh8 Kf8 26. Qg7+ Ke7 27. Qg5+ f6 28. Bxf6+ Nxf6 29. Nxf6 Rf8 30. Nxh7+ Kd7
31. Nxf8+ Qxf8 32. Rac1 b6 33. Ne5+ Kc7 34. Bxa8 Kb8 35. Bg2 Na2 36. Nc6+ Kc7 37. Qe5+ Kd7 38. Qd5+ Kc7 39. Qxa2 Qe8 40. Nxa7 Be6
41. Qd2 Bb3 42. Qf4+ Kd8 43. Qb8+ Ke7 44. Qxe8+ Kxe8 45. Ra1
1-0

[Event "The Mikhail Tal Memorial KO Tournament"]
[Site "SchemingMind.com"]
[Date "2006.11.11"]
[Round "-"]
[White "demiurg"]
[Black "Sjakkie"]
[Result "1-0"]
[WhiteCountry "HUN"]
[BlackCountry "NED"]
[WhiteElo "2280"]
[WhiteRD "130"]
[BlackElo "1453"]
[BlackRD "131"]
[GameID "76154"]

1. e4 e5 2. Nf3 Nc6 3. Bc4 f6 4. Nc3 Nge7 5. O-O Na5 6. Qe2 Nxc4 7. Qxc4 c6 8. d4 d5 9. Qb3 b6 10. dxe5 fxe5
11. Re1 Ng6 12. exd5 cxd5 13. Nxe5 Qe7 14. Nxd5 Qh4 15. Nxg6+
1-0

[Event "The Mikhail Tal Memorial KO Tournament"]
[Site "SchemingMind.com"]
[Date "2006.11.13"]
[Round "-"]
[White "Dan Geana"]
[Black "cleverman"]
[Result "1-0"]
[WhiteCountry "ROU"]
[BlackCountry "USA"]
[WhiteElo "2158"]
[WhiteRD "109"]
[BlackElo "1608"]
[BlackRD "85"]
[GameID "76157"]

1. Nf3 Nf6 2. g3 b6 3. Bg2 Bb7 4. O-O Nc6 5. d3 g6 6. e4 e5 7. Nc3 Bg7 8. d4 d6 9. dxe5 Nxe5 10. Nxe5 dxe5
11. Qf3 O-O 12. Bg5 h6 13. Rad1 Qe7 14. Bxf6 Bxf6 15. Nd5 Bxd5 16. exd5 Rad8 17. Rfe1 Qd6 18. c3 Rfe8 19. Bf1 Bg7 20. a4 a5
21. Rd2 Qc5 22. Bb5 Re7 23. Bc6 Rd6 24. Qe3 Qxe3 25. Rxe3 f6 26. b4 Kf7 27. bxa5 bxa5 28. Rb2 Rd8 29. Rb5 f5 30. Rxa5 e4
31. Rb5 g5 32. Rb3 f4 33. Re2 f3 34. Re1 g4 35. a5
1-0

[Event "The Mikhail Tal Memorial KO Tournament"]
[Site "SchemingMind.com"]
[Date "2006.11.12"]
[Round "-"]
[White "Danzino"]
[Black "Ilang"]
[Result "0-1"]
[WhiteCountry "GBR"]
[BlackCountry "HUN"]
[WhiteElo "1869"]
[WhiteRD "96"]
[BlackElo "2257"]
[BlackRD "66"]
[GameID "76159"]

1. e4 e5 2. Nf3 Nc6 3. Bb5 a6 4. Bxc6 dxc6 5. O-O Qd6 6. Na3 Be6 7. Qe2 Ne7 8. Nc4 Bxc4 9. Qxc4 c5 10. d4 exd4
11. Ng5 Qg6 12. Qxc5 Nc6 13. Qc4 Be7 14. Nf3 O-O-O 15. Re1 Rhe8 16. Bd2 Bf6 17. Qd3 Re6 18. Re2 Qh5 19. b4 g5 20. b5 Ne5
21. Nxe5 Bxe5 22. h3 g4 23. bxa6 Rxa6 24. f4 gxf3 25. Qxf3 Qxf3 26. gxf3 d3
0-1

[Event "The Mikhail Tal Memorial KO Tournament"]
[Site "SchemingMind.com"]
[Date "2006.11.11"]
[Round "-"]
[White "rampichino"]
[Black "fishofchaos"]
[Result "0-1"]
[WhiteCountry "ITA"]
[BlackCountry "ENG"]
[WhiteElo "1426"]
[WhiteRD "97"]
[BlackElo "1575"]
[BlackRD "58"]
[GameID "76160"]

1. e4 c5 2. c3 e6 3. d4 cxd4 4. cxd4 Nc6 5. Nf3 a6 6. Nc3 d6 7. Be2 Nf6 8. Bg5 Be7 9. e5 dxe5 10. dxe5 Nd7
11. Bxe7 Qxe7 12. Qd6 Ndxe5 13. Qxe7+ Kxe7 14. O-O b5 15. Rac1 Bb7 16. Nxb5 Nxf3+ 17. Bxf3 axb5 18. Bxc6 Bxc6 19. Rxc6 Rxa2 20. Rb1 Rd8
21. Rb6 Rxb2 22. Rf1 Kf6
0-1

[Event "The Mikhail Tal Memorial KO Tournament"]
[Site "SchemingMind.com"]
[Date "2006.11.11"]
[Round "-"]
[White "mart_r3000"]
[Black "erikbrynolfson"]
[Result "0-1"]
[WhiteCountry "ENG"]
[BlackCountry "USA"]
[WhiteElo "1254"]
[WhiteRD "55"]
[BlackElo "1634"]
[BlackRD "64"]
[GameID "76161"]

1. e4 e6 2. e5 d5 3. exd6 Bxd6 4. Bb5+ Bd7 5. Bxd7+ Nxd7 6. Qg4 Qf6 7. Ne2 Nh6 8. Qe4 Nc5 9. Qc4 a6 10. O-O b5
11. Qc3 Nd7 12. Qxf6 Nxf6 13. Nd4 O-O 14. Nc6 Nf5 15. g3 Ne7 16. Nxe7+ Bxe7 17. d4 h6 18. Bf4 c5 19. Rd1 Rfd8 20. c3 b4
21. Nd2 cxd4 22. c4 Bd6 23. Bxd6 Rxd6 24. c5 Rc6 25. Rac1 Rac8 26. Nb3 e5 27. Na5 Rxc5 28. Rxc5 Rxc5 29. f3 Rxa5 30. Rc1 Rxa2
31. b3 a5 32. h4 a4 33. Rc5 axb3 34. Rxe5 b2 35. Re1 Ra1
0-1

[Event "The Mikhail Tal Memorial KO Tournament"]
[Site "SchemingMind.com"]
[Date "2006.11.11"]
[Round "-"]
[White "Sjakkie"]
[Black "demiurg"]
[Result "0-1"]
[WhiteCountry "NED"]
[BlackCountry "HUN"]
[WhiteElo "1453"]
[WhiteRD "131"]
[BlackElo "2280"]
[BlackRD "130"]
[GameID "76162"]

1. e4 c5 2. Nc3 Nc6 3. d3 g6 4. Nf3 Bg7 5. Ng5 Nf6 6. h3 d5 7. exd5 Nxd5 8. Qf3 Bf5 9. Nxd5 Nd4 10. Qd1 Qxd5
11. Bd2 Qe5+ 12. Be2 h6 13. O-O Qxe2 14. Re1 Qxd1 15. Raxd1 hxg5 16. Bc3 Be6 17. Rd2 O-O-O 18. b3 Nf3+ 19. gxf3 Bxc3 20. Rde2 Rxh3
21. Rd1 Rdh8 22. Kg2 Rh2+
0-1

[Event "The Mikhail Tal Memorial KO Tournament"]
[Site "SchemingMind.com"]
[Date "2006.11.12"]
[Round "-"]
[White "Orange Lion"]
[Black "andy5698"]
[Result "1-0"]
[WhiteCountry "NED"]
[BlackCountry "ENG"]
[WhiteElo "2194"]
[WhiteRD "81"]
[BlackElo "1229"]
[BlackRD "79"]
[GameID "76292"]

1. e4 e5 2. f4 exf4 3. Nf3 g5 4. h4 g4 5. Ne5 Bd6 6. d4 Nc6 7. Nxg4 b6 8. Nc3 h5 9. Nf2 Bb4 10. Bxf4 Be7
11. d5 Bxh4 12. dxc6 dxc6 13. Qxd8+ Kxd8 14. Rxh4 Nf6 15. Bg5 Ke7 16. e5 Ke8 17. Bxf6 Rh6 18. O-O-O Bf5 19. Rhd4 Bd7 20. Rxd7 Kf8
21. Rd8+
1-0

[Event "The Mikhail Tal Memorial KO Tournament"]
[Site "SchemingMind.com"]
[Date "2006.11.12"]
[Round "-"]
[White "andy5698"]
[Black "Orange Lion"]
[Result "0-1"]
[WhiteCountry "ENG"]
[BlackCountry "NED"]
[WhiteElo "1229"]
[WhiteRD "79"]
[BlackElo "2194"]
[BlackRD "81"]
[GameID "76294"]

1. e4 e6 2. e5 d6 3. d4 dxe5 4. dxe5 Qxd1+ 5. Kxd1 Bc5 6. Be3 Bxe3 7. fxe3 Nh6 8. Nc3 Ng4 9. Kd2 Nf2 10. Nb5 Na6
11. g4 Nxh1 12. Ke2 Bd7 13. Bg2 Bxb5+ 14. Kf3 Nc5 15. Bxh1 Bc6+ 16. Ke2 Bxh1 17. Nh3 Bc6 18. Rd1 Nd7 19. Ng5 Nxe5 20. Rf1 Bb5+
21. Ke1 Bxf1 22. Kxf1 Rd8 23. Ke1 Nxg4 24. Nf3 Nxe3 25. Ke2 Nxc2
0-1

[Event "The Mikhail Tal Memorial KO Tournament"]
[Site "SchemingMind.com"]
[Date "2006.11.27"]
[Round "-"]
[White "demiurg"]
[Black "spoke"]
[Result "1-0"]
[WhiteCountry "HUN"]
[BlackCountry "GER"]
[WhiteElo "2280"]
[WhiteRD "130"]
[BlackElo "1677"]
[BlackRD "57"]
[GameID "78588"]

1. e4 e5 2. Nf3 Nc6 3. Bc4 Bc5 4. b4 Bxb4 5. c3 Be7 6. d4 Na5 7. Be2 exd4 8. Qxd4 Nf6 9. e5 Nc6 10. Qh4 Nd5
11. Qg3 g6 12. O-O d6 13. Rd1 Nb6 14. Bh6 Nd7 15. Bb5 a6 16. Bxc6 bxc6 17. Nbd2 Nxe5 18. Nxe5 dxe5 19. Ne4 Bd7 20. Qxe5
1-0

[Event "The Mikhail Tal Memorial KO Tournament"]
[Site "SchemingMind.com"]
[Date "2006.11.27"]
[Round "-"]
[White "spoke"]
[Black "demiurg"]
[Result "0-1"]
[WhiteCountry "GER"]
[BlackCountry "HUN"]
[WhiteElo "1701"]
[WhiteRD "58"]
[BlackElo "2281"]
[BlackRD "95"]
[GameID "78598"]

1. e4 c5 2. Nf3 Nc6 3. d4 cxd4 4. Nxd4 Nf6 5. Nc3 e5 6. Ndb5 d6 7. Bg5 a6 8. Na3 b5 9. Bxf6 gxf6 10. Nd5 f5
11. Bd3 Be6 12. O-O Bxd5 13. exd5 Ne7 14. Nxb5 Bg7 15. Nc3 e4 16. Nxe4 fxe4 17. Bxe4 O-O 18. Qh5 Ng6 19. Rab1 Re8 20. Bxg6 hxg6
21. Qf3 Qa5 22. Qa3 Qxa3 23. bxa3 Re2 24. Rb6 Rxc2 25. Rxd6 Rxa2 26. Rb6 Rxa3 27. Rd1 Rd8 28. d6 Bd4 29. Rc6 Ra2 30. g3 Bxf2+
31. Kf1 a5 32. d7 Kf8
0-1

[Event "The Mikhail Tal Memorial KO Tournament"]
[Site "SchemingMind.com"]
[Date "2006.12.03"]
[Round "-"]
[White "sidra"]
[Black "erikbrynolfson"]
[Result "0-1"]
[WhiteCountry "HUN"]
[BlackCountry "USA"]
[WhiteElo "1616"]
[WhiteRD "80"]
[BlackElo "1695"]
[BlackRD "60"]
[GameID "79868"]

1. d4 Nf6 2. c4 e6 3. a3 b6 4. e3 Bb7 5. Nc3 d5 6. cxd5 Nxd5 7. Nxd5 Qxd5 8. f3 Nc6 9. Ne2 O-O-O 10. Nc3 Qg5
11. e4 Qe7 12. Be3 f5 13. exf5 exf5 14. Qe2 Nxd4 15. Bxd4 Rxd4 16. Qxe7 Bxe7 17. Ne2 Rd6 18. Kf2 Bf6 19. Rb1 Rhd8 20. g3 Rd3
21. Bg2 Rd2 22. b4 Bd4+ 23. Ke1 Be3 24. h3 Ra2 25. a4 Rdd2 26. Nc3 Rxg2 27. Nxa2 Rxa2 28. a5 Bxf3 29. Rf1 Re2+ 30. Kd1 Rb2+
31. Rxf3 Rxb1+ 32. Ke2 Bh6 33. Rxf5 Rxb4 34. axb6 cxb6 35. Rf8+ Kb7 36. Rf7+ Ka6 37. g4 Ra4 38. Kf3 Rf4+ 39. Rxf4 Bxf4 40. Kxf4 b5
41. Ke4 b4 42. Kd3 Kb5 43. Kc2 a5 44. Kb2 a4 45. h4 Kc4 46. h5 a3+ 47. Kc2 b3+ 48. Kb1 Kc3 49. g5 a2+ 50. Ka1 b2+
51. Kxa2 Kc2 52. Ka3 b1=Q
0-1